| 000 | 00612nam a2200217 a 4500 | ||
|---|---|---|---|
| 999 |
_c4009 _d4009 |
||
| 001 | 4009 | ||
| 003 | BD-JhCC | ||
| 005 | 20180306173548.0 | ||
| 008 | 171120s19611965bg |||| ||a| 000 0 ben d | ||
| 035 | _a(BD-JhCC)4009 | ||
| 040 |
_aBD-JhCC _dBD-JhCC |
||
| 041 | _aben | ||
| 082 |
_aAHM 1961 _b891.442 |
||
| 100 | _aআহমদ, ফররুখ | ||
| 245 |
_aনৌফেল ও হাতেম / _cফররুখ আহমদ |
||
| 260 |
_aঢাকা : _bস্টুডেন্ট ওয়েজ, _c1961. |
||
| 300 |
_a91 p. : _c20 cm. |
||
| 650 | _aBengali Drama | ||
| 942 |
_2ddc _cBK |
||